[Event "13th Agzamov Memorial 2019"]
[Site "Tashkent"]
[Date "2019.03.13"]
[Round "3.8"]
[White "Nogerbek, Kazybek"]
[Black "Mirzoev, Azer"]
[Result "0-1"]
[WhiteElo "2370"]
[BlackElo "2477"]
[Annotator "TA"]
[PlyCount "176"]
[EventDate "2019.03.12"]
[EventType "swiss"]
[EventCountry "UZB"]
[SourceTitle "playchess.com"]
[Source "ChessBase"]
[SourceQuality "1"]

{[%evp 14,176,18,6,40,30,41,20,30,25,30,14,21,15,15,24,27,0,0,-26,-13,-11,12,0,0,-8,16,16,27,14,19,0,0,-62,-53,-74,-67,-71,-25,-40,-60,-160,-162,-170,-167,-148,-141,-148,-143,-135,-9,-11,0,0,0,0,0,0,5,0,0,0,11,3,7,6,11,11,0,0,0,0,0,0,14,0,0,0,0,0,0,0,0,0,0,-21,3,-108,-117,-95,-88,-106,-103,-99,-31,-143,-146,-131,-125,-240,-230,-280,-157,-231,-222,-213,-7,-7,-7,-14,0,-87,-87,-87,-87,-87,-87,-87,-87,-87,-87,-88,-68,-68,-68,-68,-68,-68,-68,-68,-68,-68,0,-131,0,-68,-68,-68,-68,-68,-68,-68,-68,-68,0,0,0,0,0,-68,0,0,0,0,0,0,0,0,0,0,0,0,0,-29974,-5081]} 1. e4 c6 2. d4 d5 3. e5 Bf5 4. Nf3 e6 5. Be2 Nd7 6. O-O h6 7. c3 Ne7 8. Na3 Bh7 {B12: Caro-Kann: Advance Variation} (8... Qc7 9. b3 g5 10. c4 a6 11. Nc2 dxc4 12. bxc4 O-O-O 13. Bb2 Bg7 14. Qc1 c5 15. d5 exd5 16. cxd5 Nxd5 {½-½ (51) Sevian,S (2624)-Le,Q (2728) Philadelphia 2018}) 9. Nc2 Ng6 10. Be3 Be7 {The position is equal.} 11. Nfe1 $146 ({Predecessor:} 11. a4 O-O 12. a5 a6 13. Re1 c5 14. Bd3 c4 15. Bf1 Nb8 16. Nb4 Bxb4 17. cxb4 {½-½ (53) Gurvich,V (2315)-Dmitrenko,V (2333) Moscow 2015}) 11... Qb6 12. b3 O-O 13. f4 c5 14. Bd3 cxd4 15. Bxd4 Bc5 16. Kh1 Rac8 17. Qd2 Ne7 18. Bxh7+ Kxh7 19. Ne3 f5 20. exf6 Nxf6 21. Bxf6 Rxf6 22. N1c2 Bd6 23. Ng4 (23. Nd4 $11) 23... Rg6 $1 $15 {[%cal Rg6g4]} 24. Qd3 Qa6 $36 {[%mdl 2048] Black is pushing.} 25. Qf3 Rf8 26. g3 {[#]} e5 $1 {[%mdl 512]} 27. Nge3 (27. Rae1 $15 Qxa2 28. Nb4) (27. fxe5 Rxf3) 27... exf4 $17 28. Ng2 Rgf6 $1 29. gxf4 Ng6 {[%cal Rg6f4]} 30. Qxd5 Nxf4 31. Nxf4 Bxf4 ({Black should try} 31... Rxf4 $17 32. Rxf4 Rxf4) 32. Qe4+ $11 Kh8 33. Nb4 $1 {[%cal Rb4a6]} Qd6 34. Nd5 $1 {[%cal Rd5f6]} Re6 35. Qf3 {[%cal Rd5f4]} g5 36. Rad1 Qc6 37. c4 Kg7 38. Rde1 Rxe1 39. Rxe1 Rf7 40. Qc3+ Kh7 $1 41. Qd3+ (41. Kg2 {looks sharper.} Bb8 42. Qd3+ Kg7 43. b4 a6 44. Qd4+) 41... Qg6 42. Qxg6+ Kxg6 {[%mdl 4096] Endgame KRB-KRN} 43. Re6+ Kh5 44. Kg2 g4 45. b4 Bg5 46. c5 Rf5 47. Nc3 Rf3 48. Ne4 Kh4 49. Nd6 Bf4 50. Nf5+ (50. Rf6 $11) 50... Kg5 $17 51. Ng3 Ra3 $1 52. Re2 h5 53. Rf2 Bb8 (53... Be3 $1 $17 {[%cal Re3f2]} 54. Ne4+ Kg6) 54. b5 (54. Rf8 $15 Rxa2+ 55. Kg1 Bxg3 56. hxg3) 54... h4 $1 {[%cal Rh4g3]} 55. Ne4+ Kg6 $1 56. Rd2 (56. Rc2 $17 {was worth a try.}) 56... h3+ $19 57. Kg1 Bf4 (57... Re3 $19 58. Nd6 Rc3) 58. Re2 (58. Rc2 $17) 58... Kf5 59. Nd6+ Bxd6 $2 (59... Kg5 $19 {Threatens to win with ...Rd3.} 60. Ne4+ Kf5 61. Nd6+ Kg6 62. Re6+ Kg5) 60. cxd6 {Strongly threatening Rd2. KR-KR} Rd3 61. Re7 Rxd6 {And now ...Rd1+ would win.} 62. Rxb7 (62. Rf7+ $11 Kg5 63. Rg7+ Kf5 64. Rf7+ Kg6 65. Rxb7) 62... Rd1+ $17 63. Kf2 Rd2+ {[%mdl 64] Double Attack} 64. Kg1 Rg2+ (64... Rxa2 $2 65. Rh7 $19) 65. Kh1 Rxa2 {[%cal Ra2a1]} 66. Kg1 Kf4 67. Rf7+ Kg5 68. Rg7+ Kh5 $1 69. Rh7+ Kg6 70. Rb7 Kf6 71. Rc7 Ke6 72. Rg7 Kf5 (72... Rg2+ $15 73. Kh1 Ra2) 73. Rf7+ {[#]} (73. Rb7 $1 $11 {remains equal.}) 73... Kg6 ({Better is} 73... Ke4 $1 $17 74. Rg7 Kf3 75. Rf7+ Ke3 76. Re7+ Kd3) 74. Rb7 $1 $15 Rg2+ 75. Kh1 Rf2 {[%cal Rf2f1]} 76. Kg1 Rf7 77. Rb8 $1 Rd7 78. b6 Rd1+ (78... axb6 $1 $15 79. Rxb6+ Kg5) 79. Kf2 $11 axb6 80. Rxb6+ Kg5 81. Rb8 (81. Rb5+ $11 Kh4 82. Rb8) 81... Rh1 (81... Rd2+ $1 $15 82. Kg1 Rg2+ 83. Kh1 Ra2 84. Rg8+ Kf4 85. Rf8+ Ke5 86. Re8+ Kf6) 82. Rg8+ Kf5 83. Rf8+ $1 Ke5 84. Kg3 Rg1+ 85. Kh4 Rg2 86. Rg8 Kf4 87. Rf8+ Ke3 88. Rg8 $2 {[%mdl 8192] [#]} (88. Rf7 $11) 88... Kf2 $1 {Accuracy: White = 59%, Black = 59%.} 0-1

[Event "13th Agzamov Memorial 2019"]
[Site "Tashkent"]
[Date "2019.03.13"]
[Round "3.9"]
[White "Kazakovskiy, Valeriy"]
[Black "Rustamov, Asilbek"]
[Result "1-0"]
[WhiteElo "2456"]
[BlackElo "1836"]
[Annotator "TA"]
[PlyCount "59"]
[EventDate "2019.03.12"]
[EventType "swiss"]
[EventCountry "UZB"]
[SourceTitle "playchess.com"]
[Source "ChessBase"]
[SourceQuality "1"]

{[%evp 18,59,62,0,0,-9,-13,-8,-4,0,54,45,53,44,47,38,32,0,6,17,4,0,59,31,31,17,94,59,121,110,130,110,111,104,189,183,233,230,1036,220,291,294,293,290]} 1. d4 d5 2. c4 e6 3. Nf3 c6 4. Qc2 f5 5. Nc3 Nf6 6. Bf4 Bd6 7. e3 O-O {A84: Dutch Defence: 2 c4 Miscellaneous} 8. Bd3 Ne4 9. Bxd6 (9. O-O Bxf4 10. exf4 Nd7 11. Rac1 h6 12. b4 a6 13. c5 g5 14. Ne2 Qf6 15. Rce1 {1-0 (32) Svane,R (2581)-Jugelt,T (2431) Apolda 2017}) 9... Qxd6 10. g4 {LiveBook: 4 Games} (10. Qb3 $14) 10... Nd7 $11 11. gxf5 exf5 12. cxd5 Nxc3 13. bxc3 Qxd5 ({Better is} 13... cxd5 $11 14. Rb1 (14. Bxf5 g6 $11) 14... b6) 14. Qb3 $146 {[#] aiming for Bc4.} ({Predecessor:} 14. Qe2 Nb6 15. Rg1 Kh8 16. Ne5 Be6 {0-1 (38) Laurent Paoli,P (2347)-Berend,F (2328) Geneve 2016}) 14... Nb6 15. Ne5 Be6 16. Qxd5 cxd5 17. f4 {[%cal Bf2f4,Bf4e5][%mdl 32]} Rac8 18. Kd2 Rc7 19. a4 {[%cal Ba2a4,Ba4a5][%mdl 32]} Rfc8 (19... Nc8 $11) 20. a5 (20. Rhb1 {with more complications.} Re8 21. Rb5 Nc8 22. Ra5 g6 23. h4) 20... Nd7 21. Ra3 Nxe5 (21... Nf6 $11 {remains equal.}) 22. fxe5 g6 (22... g5 $14) 23. Rb1 $16 Rd8 24. Ra4 Kg7 25. h4 Kh6 (25... h6 $16 {was worth a try.}) 26. Rab4 $18 Bc8 27. Be2 Rc5 $2 {[#]} (27... Rf8 28. c4 dxc4) 28. Rb5 $2 (28. dxc5 Rd7 29. Kd3) 28... Rc7 29. Bf3 Rcd7 30. Rc5 {Precision: White = 50%, Black = 36%.} 1-0

[Event "13th Agzamov Memorial 2019"]
[Site "Tashkent"]
[Date "2019.03.13"]
[Round "3.10"]
[White "Khusenkhojaev, Muhammad"]
[Black "Ansat, Aldiyar"]
[Result "1-0"]
[WhiteElo "2441"]
[BlackElo "2001"]
[Annotator "TA"]
[PlyCount "97"]
[EventDate "2019.03.12"]
[EventType "swiss"]
[EventCountry "UZB"]
[SourceTitle "playchess.com"]
[Source "ChessBase"]
[SourceQuality "1"]

{[%evp 21,97,27,34,26,31,31,38,-2,27,7,20,0,9,6,33,41,50,56,67,70,89,85,164,61,41,68,77,56,129,112,135,88,303,205,277,188,310,280,432,428,530,503,557,551,568,570,630,609,626,565,588,602,832,835,796,781,777,746,946,879,937,915,1039,950,1495,1229,29976,29977,1963,1939,29984,29985,29986,29985,29985,29986,29986,958]} 1. d4 Nf6 2. c4 g6 3. Nf3 Bg7 4. g3 O-O 5. Bg2 d6 6. Nc3 Nc6 7. O-O Bf5 8. d5 Na5 9. Nd4 Bd7 10. b3 c5 11. dxc6 bxc6 12. Bd2 {E62: King's Indian: Fianchetto: 6...c6 and Panno Variation (6...Nc6) without ...a6} (12. e4 Qc8 13. Re1 e5 14. Nc2 Nb7 15. Ba3 Rd8 16. Ne3 Bh3 17. Bxh3 Qxh3 18. Qf3 h5 19. Rad1 Nh7 {½-½ (42) Shengelia,D (2512)-Smirin,I (2594) Czech Republic 2018}) 12... e5 $146 ({Predecessor:} 12... c5 13. Nf3 Rb8 14. Qc1 Nc6 15. Bh6 Nd4 16. Bxg7 Kxg7 17. Nxd4 cxd4 18. Nd5 Nxd5 19. cxd5 Rb4 {½-½ (31) Schreiner,P (2467)-Morgunov,M (2362) Vienna 2018}) 13. Nc2 Nb7 14. Qc1 {White is slightly better.} Qc7 15. Rd1 a5 16. h3 Be6 17. e4 a4 18. Nxa4 Rxa4 19. bxa4 {And now Ne3 would win.} Nc5 20. f3 Nh5 21. Kh2 f5 {[#]} (21... Ra8 $16) 22. Ne1 (22. Bb4 $1 $18) 22... f4 $14 23. g4 Ng3 24. Bb4 Nb7 {[#]} (24... Ne2 $14 25. Qd2 Nd4) 25. c5 $1 $16 {[%cal Rc5d6]} dxc5 26. Bxc5 Rf7 $2 (26... Ne2 $16 27. Qc2 Nxc5) 27. Rd2 h5 28. Bf2 Bf8 (28... hxg4 {was called for.} 29. fxg4 (29. hxg4 Na5 $18) 29... c5) 29. Qc3 Rh7 (29... hxg4 $142 30. fxg4 (30. hxg4 Na5 $16) 30... Nd6 31. Bxg3 fxg3+ 32. Qxg3 Bh6) 30. g5 $18 c5 31. Nd3 Rd7 32. Rad1 Bd6 {[#]} 33. Nxe5 $1 Bxe5 34. Rxd7 {[%mdl 64] Overworked Piece} Bxd7 {[#]} 35. Rxd7 $1 {[%mdl 512]} Qxd7 36. Qxe5 Ne2 37. Bf1 Nd4 38. Bc4+ Kh7 39. Qxf4 Nd6 40. Bd5 Ne8 41. Kg2 {Black must now prevent Bxd4.} Ng7 42. Qf7 {[%csl Gd5][%cal Rf7g8]} Qd8 43. h4 Qb8 44. a5 {[%cal Ba4a5,Ba5a6,Ba6a7][%mdl 32]} Ne2 45. e5 Qd8 46. Bc4 {White mates.} Nd4 47. a6 Nc6 48. a7 Nxe5 {[#]} 49. Qg8+ $1 {[%mdl 576] Decoy, Promotion. Accuracy: White = 66%, Black = 26%.} 1-0

[Event "13th Agzamov Memorial 2019"]
[Site "Tashkent"]
[Date "2019.03.13"]
[Round "3.11"]
[White "Sunnatov, Mirfayz"]
[Black "Khoroshev, Nikita"]
[Result "1/2-1/2"]
[WhiteElo "1840"]
[BlackElo "2410"]
[Annotator "TA"]
[PlyCount "91"]
[EventDate "2019.03.12"]
[EventType "swiss"]
[EventCountry "UZB"]
[SourceTitle "playchess.com"]
[Source "ChessBase"]
[SourceQuality "1"]

{[%evp 9,91,23,34,32,22,0,5,0,2,0,0,-33,-33,-33,-33,-62,-11,-24,-11,-10,-7,-7,9,-5,0,0,4,0,0,0,-12,-75,-75,-81,-82,-81,-81,-81,-88,-89,-63,-56,-54,-63,-39,-53,-49,-45,-25,-22,-15,-13,0,-33,0,0,0,0,28,18,35,41,52,8,12,10,12,0,62,0,7,0,125,119,116,126,142,150,152,150,138,111,123,0]} 1. e4 g6 2. d4 Bg7 3. Nc3 a6 4. Nf3 d6 5. h3 b5 6. Bd3 {B06: Modern Defence} Nd7 (6... Bb7 7. a4 b4 8. Ne2 Nd7 9. O-O Ngf6 10. Ng3 c5 11. c3 O-O 12. Be3 a5 13. Qd2 c4 {½-½ (21) Atabayev,M (2488)-Wei,Y (2748) Ashkhabad 2017}) 7. O-O c5 8. dxc5 {The position is equal.} Nxc5 9. Be3 Bb7 10. Bd4 $146 ({Predecessor:} 10. Qd2 b4 11. Nd1 Nxd3 12. Qxd3 Nf6 13. Nd2 O-O {0-1 (37) Dixa,J (1313)-Pipia,E (1963) Marianske Lazne 2019}) 10... Bxd4 11. Nxd4 Nf6 12. Nb3 O-O (12... Ncxe4 $15 13. Bxe4 Bxe4) 13. Re1 Rc8 (13... e5 {with more complications.} 14. a3 Rc8 15. Qd2 Qc7 16. Rad1 Rfd8) 14. Nxc5 Rxc5 15. a3 Qa8 16. Qe2 e5 17. Rad1 Qc8 18. Qf3 Kg7 19. Rd2 Re8 20. Red1 (20. Bf1 $11 {keeps the balance.}) 20... d5 $17 21. exd5 {[#]} Rxc3 $1 {[%mdl 64] Remove Defender} 22. bxc3 {Strongly threatening Be2.} e4 {[%mdl 64] Double Attack} 23. Qg3 exd3 24. Rxd3 Qc5 {[%cal Rf6d5]} 25. d6 Nd7 26. Qg4 Ne5 27. Qd4 Qxd4 $1 28. Rxd4 Nc4 29. a4 Bc6 30. axb5 Bxb5 31. Rd5 Rd8 {[%mdl 1024] Black has compensation.} 32. R1d4 Nb6 33. Rc5 Nd7 34. Rc7 Nf8 35. c4 Ne6 {[%mdl 64] Double Attack} 36. Rd5 ({But not} 36. cxb5 Nxd4 37. bxa6 Rxd6 $15) (36. Rd3 $5 {[%cal Rc4b5]} Nxc7 37. dxc7 $14) 36... Ba4 37. Ra7 {Threatening Rd2.} Bxc2 38. c5 {Threatens to win with c6.} Bb3 (38... Kf6 $1 $11) 39. Re5 ({White should try} 39. Rd3 $1 $14 Ba4 40. Rc3) 39... Kf6 $11 40. Re3 Nxc5 {[#]} (40... Bc4 $1 $11 {remains equal.}) 41. Rc3 $1 $16 ({Much weaker is} 41. Rc7 $6 Ne6 $11) 41... Rxd6 {White must now prevent ...Rc6.} 42. Rxc5 h5 43. Ra5 Bc4 44. Ra4 Rc6 45. g3 Kg7 46. Rxc4 {Accuracy: White = 48%, Black = 50%.} (46. Ra3 $16) 1/2-1/2

[Event "13th Agzamov Memorial 2019"]
[Site "Tashkent"]
[Date "2019.03.13"]
[Round "3.12"]
[White "Danielyan, Vahe"]
[Black "Saydaliev, Saidakbar"]
[Result "1-0"]
[WhiteElo "2246"]
[BlackElo "2390"]
[Annotator "TA"]
[PlyCount "67"]
[EventDate "2019.03.12"]
[EventType "swiss"]
[EventCountry "UZB"]
[SourceTitle "playchess.com"]
[Source "ChessBase"]
[SourceQuality "1"]

{[%evp 17,67,0,0,0,27,0,0,0,0,-19,0,-31,-24,-24,-16,-16,-13,-33,-31,-52,-19,-20,-7,-18,29,28,26,20,31,-5,8,0,7,-29,-32,-37,0,-62,-48,-70,-15,-11,0,0,516,496,524,524,520,497,488,389]} 1. e4 c5 2. Nc3 d6 3. Nge2 Nc6 4. g3 g6 5. Bg2 Bg7 6. d3 e6 7. O-O Nge7 8. Be3 Nd4 9. Rb1 Nec6 10. a3 {B26: Closed Sicilian: 3 g3, lines with early Be3} (10. Qd2 O-O 11. Nc1 b6 12. Nd1 e5 13. c3 Ne6 14. f4 Nc7 15. Ne2 d5 16. f5 d4 17. cxd4 Nxd4 18. Nxd4 cxd4 {1-0 (37) Ni,H (2587)-Ye,J (2681) Tripoli 2004}) 10... a5 11. Qd2 O-O 12. a4 {The position is equal.} Bd7 13. Bf4 $146 ({Predecessor:} 13. Nb5 Nxb5 14. axb5 Ne7 15. c4 Qc7 16. Bh6 Rad8 17. Bxg7 Kxg7 {½-½ (39) Sevostianov,P (2258)-Kyrychenko,M (2207) Lvov 2019}) 13... Qe7 14. Nb5 Nxe2+ 15. Qxe2 Nd4 16. Nxd4 cxd4 17. b3 Rfc8 18. Bc1 Qd8 19. f4 Qc7 20. Rf2 f5 21. Ba3 Re8 22. Re1 Rac8 23. g4 b5 24. axb5 Bxb5 25. e5 dxe5 26. fxe5 Bh6 {And now ...Be3 would win.} 27. Bc1 (27. gxf5 $11 gxf5 28. Qh5) 27... Bxc1 $15 28. Rxc1 Re7 (28... a4 $15 29. bxa4 Bxa4) 29. Qd2 $11 Qxe5 30. Qxa5 Qe3 $2 {[%mdl 8192] [#]} (30... Rc5 $11) 31. Re1 $18 {White is clearly winning.} Qg5 32. Qxb5 Qxg4 33. Qe5 Kf7 34. Kh1 {Accuracy: White = 41%, Black = 41%.} 1-0

[Event "13th Agzamov Memorial 2019"]
[Site "Tashkent"]
[Date "2019.03.14"]
[Round "4.1"]
[White "Pourramezanali, Amirreza"]
[Black "Fier, Alexandr"]
[Result "1/2-1/2"]
[WhiteElo "2519"]
[BlackElo "2551"]
[Annotator "TA"]
[PlyCount "55"]
[EventDate "2019.03.12"]
[EventType "swiss"]
[EventCountry "UZB"]
[SourceTitle "playchess.com"]
[Source "ChessBase"]
[SourceQuality "1"]

{[%evp 14,55,43,49,81,68,80,72,65,80,62,65,70,78,75,69,62,76,79,30,29,38,116,122,123,147,327,297,312,294,291,0,0,0,0,0,0,0,0,0,0,0,0,0]} 1. e4 Nf6 {[%cal Bg8f6,Bf6d5,Bd5b6][%mdl 32]} 2. e5 Nd5 3. d4 d6 4. Nf3 g6 5. Bc4 Nb6 6. Bb3 Bg7 7. Qe2 O-O 8. e6 {LiveBook: 4 Games. B04: Alekhine's Defence: 4 Nf3} (8. h3 Nc6 9. O-O dxe5 10. dxe5 Nd4 11. Nxd4 Qxd4 12. Re1 Be6 13. Nd2 Bxb3 14. axb3 a6 15. Nf3 Qd5 16. Bg5 Rfe8 17. Rad1 {1-0 (45) Zhigalko,S (2655)-Tukhaev,A (2564) Minsk 2015}) 8... Bxe6 $146 ({Predecessor:} 8... fxe6 9. h4 Nc6 10. h5 Rxf3 11. Qxf3 Nxd4 12. Qh3 Qe8 13. Nc3 c5 14. Be3 c4 15. Na4 e5 16. Qh4 cxb3 17. hxg6 Nxc2+ 18. Kd2 Qxg6 19. Bxb6 Nxa1 {0-1 (19) Lanin,A (2394)-Bortnyk,O (2552) Minsk 2015}) 9. Bxe6 fxe6 10. Qxe6+ {White is better.} Kh8 11. Ng5 Qd7 12. Nf7+ {[#]} Rxf7 $1 {[%mdl 512]} 13. Qxf7 Nc6 14. c3 Rf8 15. Qb3 e5 16. dxe5 Nxe5 17. O-O {[%cal Be1g1,Bg1h1,Bh1g2,Bg2f3][%mdl 32]} Qg4 (17... Nf3+ $1 $14 18. gxf3 Qh3) 18. Qd1 $16 Nf3+ 19. Kh1 Qh4 $2 (19... Be5 $16) 20. gxf3 $18 Be5 {[%csl Ge5][%cal Rh4h2] [#]} 21. f4 $1 {[%cal Rf4e5]} Rxf4 {[#] ( -> ...Rf3!)} (21... Bxf4 22. Bxf4) 22. Bxf4 $2 (22. Nd2 $1 $18) 22... Qxf4 $11 {[%csl Ge5][%cal Rf4h2] The position is equal.} 23. Kg2 Qxh2+ 24. Kf3 Qh5+ 25. Kg2 $1 Qh2+ 26. Kf3 Qf4+ 27. Kg2 Qh2+ 28. Kf3 1/2-1/2

[Event "13th Agzamov Memorial 2019"]
[Site "Tashkent"]
[Date "2019.03.14"]
[Round "4.2"]
[White "Mirzoev, Azer"]
[Black "Grigoryan, Karen H."]
[Result "1/2-1/2"]
[WhiteElo "2477"]
[BlackElo "2571"]
[Annotator "TA"]
[PlyCount "52"]
[EventDate "2019.03.12"]
[EventType "swiss"]
[EventCountry "UZB"]
[SourceTitle "playchess.com"]
[Source "ChessBase"]
[SourceQuality "1"]

{[%evp 18,52,34,20,25,25,28,36,25,0,47,7,39,23,45,26,63,52,54,58,80,31,42,29,22,29,45,18,39,0,0,-33,42,15,33,26,68]} 1. d4 Nf6 2. Nf3 g6 3. Nbd2 Bg7 4. e4 d6 5. c3 O-O 6. Bd3 Nc6 7. O-O e5 8. dxe5 dxe5 9. Nc4 Qe7 {B07: Pirc Defence: Miscellaneous Systems} (9... Nh5 10. Bg5 Qe8 11. Ne3 f6 12. Bc4+ Kh8 13. Bh4 Nd8 14. a4 Ne6 15. Bg3 Bd7 16. Bd5 Nhf4 17. b4 Nxd5 18. exd5 {½-½ (48) Vogel,R (2462)-Moranda,W (2599) Germany 2019}) 10. Bg5 {LiveBook: 3 Games} h6 11. Bh4 a5 12. Re1 Qc5 $146 ({Predecessor:} 12... Rd8 13. Qc2 Bg4 14. Be2 Qc5 15. Ne3 Be6 16. a4 {1-0 (40) Tang,A (2469)-Escalante Ramirez,B (2442) Saint Louis 2018}) 13. Nfd2 Nh5 14. Bf1 Nf4 15. a4 Be6 16. Qc2 Rae8 17. Nb3 Qa7 18. Ne3 f5 19. Bc4 Bxc4 20. Nxc4 Ne6 {[#] Threatens to win with ...f4.} 21. exf5 gxf5 22. Rad1 e4 23. Bg3 (23. g4 $5) 23... Qa6 24. Nbd2 Bf6 (24... Ne7 $15) 25. h3 Qa7 26. Bh2 Bh4 {Precision: White = 44%, Black = 34%.} 1/2-1/2

[Event "13th Agzamov Memorial 2019"]
[Site "Tashkent"]
[Date "2019.03.14"]
[Round "4.3"]
[White "Yakubboev, Nodirbek"]
[Black "Kazakovskiy, Valeriy"]
[Result "1/2-1/2"]
[WhiteElo "2569"]
[BlackElo "2456"]
[Annotator "TA"]
[PlyCount "56"]
[EventDate "2019.03.12"]
[EventType "swiss"]
[EventCountry "UZB"]
[SourceTitle "playchess.com"]
[Source "ChessBase"]
[SourceQuality "1"]

{[%evp 14,56,12,11,29,14,31,-12,-21,-11,-15,-14,-14,-12,-25,-20,-9,-53,-52,-45,-41,-50,-42,-108,-110,-88,-70,-62,-62,-67,-65,-211,-200,-226,-228,-225,-211,-233,-209,-196,-185,-189,-183,-212,-177]} 1. d4 Nf6 2. c4 e6 3. Nc3 Bb4 4. f3 c5 5. d5 O-O 6. e4 d6 7. Bd3 exd5 8. cxd5 Nh5 {E20: Nimzo-Indian: 4 g3 and 4 f3} (8... Nbd7 9. Nge2 Ne5 10. O-O Re8 11. Kh1 Bd7 12. a3 Ba5 13. Bg5 h6 14. Bh4 Rc8 15. Rb1 Qe7 16. Bb5 Bxb5 17. Nxb5 {0-1 (34) Oleksienko,M (2615)-Kuzubov,Y (2688) Slovenia 2017}) 9. Nge2 f5 10. exf5 {Black must now prevent 0-0.} c4 {The position is equal.} 11. Be4 Bxc3+ 12. bxc3 Bxf5 13. O-O {Threatens to win with Bxf5.} Bxe4 14. fxe4 Nd7 15. Rxf8+ $146 ({Predecessor:} 15. Nd4 Rxf1+ 16. Qxf1 Qh4 17. Ba3 Qxe4 18. Re1 Qd3 19. Qf5 Qxf5 20. Nxf5 {½-½ (20) Kishnev,S (2260)-Vaisser,A (2475) Barnaul 1984}) 15... Qxf8 16. Nd4 Nhf6 17. Ne6 Qf7 18. Ba3 {[#]} ({White should play} 18. Be3 $15) 18... Qg6 $1 $17 ({Reject} 18... Nxe4 $6 19. Qd4 $11) 19. Bxd6 {Strongly threatening e5.} Qxe4 20. Nc7 Qe3+ 21. Kh1 Rc8 22. Qf3 {[#]} (22. Qe1 $15 Qxe1+ 23. Rxe1) 22... Qb6 $1 $19 {[%csl LRc7,LRd6][%cal Rb6d6] Black is clearly better.} 23. Bg3 Rxc7 24. Bxc7 Qxc7 25. d6 Qxd6 26. Qxb7 Qd3 27. Qxa7 Qxc3 28. Rd1 Qc2 {Accuracy: White = 46%, Black = 78%.} 1/2-1/2

[Event "13th Agzamov Memorial 2019"]
[Site "Tashkent"]
[Date "2019.03.14"]
[Round "4.4"]
[White "Fedorov, Alexei"]
[Black "Khusenkhojaev, Muhammad"]
[Result "1/2-1/2"]
[WhiteElo "2552"]
[BlackElo "2441"]
[Annotator "TA"]
[PlyCount "58"]
[EventDate "2019.03.12"]
[EventType "swiss"]
[EventCountry "UZB"]
[SourceTitle "playchess.com"]
[Source "ChessBase"]
[SourceQuality "1"]

{[%evp 9,58,-18,-16,-45,-17,-91,-59,-72,7,0,0,-5,-3,-18,25,22,14,11,21,21,30,7,61,53,61,57,52,45,93,76,92,63,112,46,36,35,27,30,64,58,60,59,179,176,176,168,531,393,341,255,241]} 1. e4 e5 2. d4 exd4 3. Qxd4 Nc6 4. Qe3 Nf6 5. Bd2 Be7 6. c4 {C22: Centre Game} Nb4 $146 {And now ...Nc2+ would win.} ({Predecessor:} 6... d6 7. f3 Be6 8. Nc3 Ne5 9. b3 c6 10. Nge2 O-O 11. Nf4 Bd7 12. Be2 Re8 13. g4 {0-1 (33) Ponkratov,P (2622)-Oparin,G (2587) Yaroslavl 2018}) 7. Na3 (7. Qb3 $11 a5 8. Nc3) 7... O-O 8. Be2 {Black is slightly better.} c6 (8... d5 $17 9. cxd5 b6) 9. e5 $11 Ne8 10. Nf3 d5 11. O-O dxc4 {Black wants to play ...Nd5.} 12. Bxb4 ({Much weaker is} 12. Nxc4 Nc2 $17) 12... Bxb4 13. Nxc4 Qe7 14. Rad1 Nc7 15. Nd6 Nd5 (15... Bxd6 $11 16. exd6 Qxe3 17. fxe3 Nd5) 16. Nxc8 $14 Raxc8 17. Qe4 $1 Bc5 18. Bc4 Nc7 19. h4 g6 20. Ng5 $40 {[%mdl 128] Black needs to defend precisely.} Kg7 21. Rd3 (21. Qf4 $16) 21... Rcd8 22. Rfd1 {Strongly threatening Rxd8.} Rxd3 23. Rxd3 h6 24. Nf3 Ne6 {[#]} 25. h5 $1 {[%mdl 512]} g5 {[#]} (25... Ng5 $14 26. Nxg5 Qxg5) (25... gxh5 26. Nh4) 26. b4 $1 $18 {[%mdl 512] aiming for Bxe6.} Bb6 (26... Bxb4 27. Bxe6) 27. Rd6 Nf4 $2 (27... Rd8) 28. Qf5 {Rd7 is the strong threat.} Rd8 29. g3 Ne6 {Accuracy: White = 70%, Black = 18%.} 1/2-1/2

[Event "13th Agzamov Memorial 2019"]
[Site "Tashkent"]
[Date "2019.03.14"]
[Round "4.5"]
[White "Urazayev, Arystanbek"]
[Black "Ivanov, Sergey"]
[Result "1/2-1/2"]
[WhiteElo "2450"]
[BlackElo "2509"]
[Annotator "TA"]
[PlyCount "87"]
[EventDate "2019.03.12"]
[EventType "swiss"]
[EventCountry "UZB"]
[SourceTitle "playchess.com"]
[Source "ChessBase"]
[SourceQuality "1"]

{[%evp 36,87,0,0,0,0,0,0,13,0,10,10,10,4,15,5,1,2,5,9,7,7,13,9,10,10,10,0,0,0,0,-23,-6,-27,-33,-28,0,0,-2,-46,-29,-61,-64,-150,-155,-141,-152,-234,-194,-278,-276,-270,-208,-208]} 1. e4 e6 2. d4 d5 3. Nd2 c5 4. exd5 Qxd5 5. Ngf3 cxd4 6. Bc4 Qd6 7. O-O Nf6 8. Nb3 Nc6 9. Nbxd4 Nxd4 10. Nxd4 a6 11. Re1 Qc7 12. Bb3 Bd7 13. Qf3 Bd6 14. h3 O-O-O 15. Bg5 {C07: French Tarrasch: 3...c5, 4 Ngf3 and 4 exd5 Qxd5} Qc5 16. Be3 Qe5 17. g3 Qe4 18. Rad1 Bc6 19. Qxe4 {LiveBook: 9 Games} Bxe4 20. f3 Bg6 $1 {[#]} 21. Kf2 $146 ({Predecessor:} 21. Ne2 h6 22. Kg2 Bc7 {1-0 (49) Almasi,Z (2676)-Kindermann,S (2528) Germany 2000}) 21... h5 22. Ne2 Be5 23. c3 Rxd1 24. Rxd1 Rd8 25. Rxd8+ (25. Bd4 {looks sharper.} Bxd4+ 26. cxd4 Bh7 27. h4 Kd7 28. Rc1) 25... Kxd8 26. Bf4 Bxf4 27. Nxf4 $11 {[%mdl 4096] Endgame KBN-KBN} Bb1 28. h4 Ke7 29. Ke3 Kd6 30. a3 e5 31. Nd3 Nd5+ 32. Kd2 f6 33. Nc1 g5 34. Ne2 Bg6 35. Ba2 Ne7 36. hxg5 fxg5 37. Ke3 a5 38. b4 b6 {[%cal Bb7b6,Bb6a5][%mdl 32]} 39. Bc4 (39. Bb3 $15) 39... Nd5+ $17 40. Kf2 Bc2 41. Ng1 (41. Ba6 $17) 41... Nxc3 $19 42. bxa5 (42. Nh3 $142) 42... bxa5 43. Bf7 h4 44. Nh3 {Precision: White = 44%, Black = 62%.} 1/2-1/2